Städte Hessens - Statistiken

Allgemein
  • Dieses Quiz wurde 226 mal gespielt
  • Das Durchschnittsergebnis liegt bei 11 aus 15
Antwortstatistiken
Hint Antwort % Korrekt
Kreisfreie Stadt Frankfurt am Main
99%
Kreisfreie Stadt Kassel
98%
Kreisfreie Stadt Wiesbaden
97%
----- Gießen
91%
Kreisfreie Stadt Offenbach am Main
91%
Kreisfreie Stadt Darmstadt
88%
----- Marburg
88%
Main-Kinzig-Kreis Hanau
85%
----- Fulda
82%
Groß-Gerau Rüsselsheim am Main
68%
Lahn-Dill-Kreis Wetzlar
61%
Hochtaunuskreis Bad Homburg vor der Höhe
59%
Hochtaunuskreis Oberursel (Taunus)
34%
----- Rodgau
28%
----- Dreieich
27%
Keine übereinstimmenden Quizze gefunden
Verteilung der Resultate
Anzahl Personen mit jedem Resultat
Perzentil nach korrekt beantworteten Fragen
Ihre Resultats-Entwicklung
Sie haben dieses Quiz noch nicht gespielt